[Event "Gashimov Memorial 4th"]
[Site "Shamkir"]
[Date "2017.04.27"]
[Round "6"]
[White "So, Wesley"]
[Black "Karjakin, Sergey"]
[Result "1-0"]
[WhiteElo "2822"]
[BlackElo "2783"]
[Annotator "Krasenkow,M"]
[PlyCount "127"]
[EventDate "2017.04.21"]
[EventType "tourn"]
[EventRounds "9"]
[EventCountry "AZE"]
[EventCategory "21"]
[SourceTitle "CBM 178"]
[Source "ChessBase"]
[SourceDate "2017.05.14"]
[SourceVersion "1"]
[SourceVersionDate "2017.05.14"]
[SourceQuality "1"]

{Moradiabadi,E: 'The Shamkir super tournament started with a 'hiccup' for the
top seed, US champion and world No. 2, Wesley So. The Minnesota-based super GM
went down at the hands of the host's best player Shakhriyar 'Shak' Mamedyarov
with the white pieces which put an end to his streak of 67 undefeated rated
games. However, after three solid draws Wesley took down Russia No. 1 Vladimir
Kramnik, and today the world championship challenger Sergey Karjakin in smooth
fashion. Coming back after such a painful defeat and winning back-to-back
games against the No. 1 and No. 2 Russian players requires a 'Magnus-on-top'
like spirit and Wesley shows us that he has the will and resilience to fight
for the very top!'} 1. Nf3 {Moradiabadi,E} Nf6 2. c4 c5 3. Nc3 Nc6 4. e3 e6 5.
d4 d5 6. a3 a6 7. dxc5 Bxc5 8. b4 Ba7 9. Bb2 O-O 10. h3 $5 {This continuation
may look strange but White probably wanted to avoid main theoretical lines
Moradiabadi,E: 'In the past Wesley opted for a different path against Caruana.'
} (10. Qc2 {or}) (10. Be2) 10... h6 {Black replies with a useful waiting move,
too.} (10... dxc4 {looks a bit illogical but the difference from the 10.Be2
line (White's pawn is on h3 instead of h2) is hardly crucial:} 11. Bxc4 b5 12.
Bd3 Bb7 13. O-O Qe7 14. Rc1 Rfd8 15. Qe2 Rac8 16. Ne4 {0-1 (31) Wegerer,F 
(2218)-Keller,M (2148) Latschach 2013} Nd7 $5 {[%cal Yc6e5]}) (10... Qe7 11.
Qc2 (11. cxd5 Rd8 $1) 11... Rd8 12. Rd1 h6 (12... d4 $5) 13. cxd5 exd5 14. Ne2
Be6 15. Ned4 Rac8 16. Qb3 Ne4 $132 {1/2 (37) Hoang,T (2227)-Le,T (2331) Can
Tho 2012}) (10... Re8 $5) 11. Rc1 Re8 {Moradiabadi,E: 'Karjakin played this
after a long 'pause'. The idea is to take back on d5 with the e-pawn, so that
the rook on e8 becomes useful.'} 12. Bd3 {Moradiabadi,E: 'Obviously White is
not interested in that kind of isolated pawn! Wesley is still 'blitzing' his
moves.'} dxc4 {Moradiabadi,E: 'Finally, Karjakin earned his tempo after
stalling a while, but comparing Rc1 with ...Re8, White definitely got
something to play now.'} 13. Bxc4 Qxd1+ {With the rook on e8, this simplifying
move is more appropriate since Black's king can easily reach the centre (...
Kg8-f8-e7).} 14. Rxd1 {Moradiabadi,E: 'To decide between the three recaptures,
Wesley spent 13:30 minutes.'} b5 15. Bd3 Bb7 16. Ke2 {Moradiabadi,E: 'In a
symmetrical pawn structure of this kind, tempi are less valuable while piece
placement becomes important as it might take a number of moves for each piece
to reach its optimal square.'} (16. Ne4 Nxe4 17. Bxe4 Red8 18. O-O (18. Rc1
Nxb4 19. Bxb7 Nd3+ 20. Ke2 Rab8 $11 {[%cal Rb8b7,Rd3b2]}) 18... f6 $11 {
[%cal Yg8f7]}) 16... Kf8 17. Rhg1 {[%cal Rg2g4,Rg4g5]} Rad8 $11 18. Bb1 Ne7 {
Moradiabadi,E: 'The knight will land on d5, many pieces will be exchanged and
Black has no weaknesses. I repeat that Black has no weaknesses!'} 19. Nd2 {
Moradiabadi,E: 'Wesley opts for the same manoeuvre where he has an eye on the
c5-square too.'} Bb6 (19... Rd7 $5 20. g4 Red8 $11) 20. g4 Ned5 21. Nxd5 Nxd5 (
21... Rxd5 {Moradiabadi,E} 22. h4 h5 23. g5 Ng4 24. Nb3 Red8 25. Rxd5 Bxd5 26.
Nd2 Bb7 27. Bc3 Rc8 28. Rc1 Ne5 {seems like a better continuation than what
Black played in the game but even in the game, Black's position was solid, if
a bit passive compared to this line.}) 22. Nb3 f6 23. Bg6 Re7 24. Rc1 {
Moradiabadi,E: 'Wesley is addressing the c5-square. It is interesting how he
keeps creating problems in a dry position like this one!'} Red7 25. Rgd1 Ne7
26. Rxd7 Rxd7 27. Bb1 Rc7 $6 {This unnecessary exchange allows the activation
of White's pieces and gives him some chances.} (27... Bd5 28. Nc5 Bxc5 29. Rxc5
Bc4+ 30. Ke1 Kf7 $11) 28. Rxc7 Bxc7 {[%mdl 4096]} 29. Nc5 Bc8 30. Ba2 Nd5 (
30... Kf7 $5 {was a sufficient defence. After} 31. f4 Nc6 32. f5 Nd8 33. fxe6+
Ke7 {Black will play ...a6-a5 or ...Bc7-d6xc5 and only later recapture White's
e6-pawn. E.g.} 34. Bd5 Bd6 35. Bd4 {(preventing 35...Bxc5)} Bxe6 {(now
appropriate: White wins the a6 pawn but a drawish endgame with
opposite-coloured bishops arises)} 36. Nxe6 Nxe6 37. Bb7 Nxd4+ 38. exd4 Kd7 39.
Bxa6 Kc6 $11) 31. f4 Bd6 {Moradiabadi,E: 'Karjakin defends with resilience.
Remember, this guy had defended for a month against Magnus Carlsen and held a
draw. Therefore, he is not going to be an easy nut to crack. However, I
believe that Karjakin is not defending at his best today.'} (31... a5 $1 {
was still OK for Black:} 32. f5 (32. bxa5 Bxa5 33. f5 Ke7 34. Nxe6 Bxe6 35.
fxe6 Nc3+ $11) 32... axb4 33. axb4 Bd6 34. Bxd5 exd5 {should be drawish.}) 32.
Bd4 Kf7 33. Kd3 Ne7 $6 (33... Nc7 $14) 34. Ne4 Bc7 $2 (34... Bb8 $1 {was a
better defence. After} 35. f5 Nc6 36. Bxe6+ Bxe6 37. fxe6+ Kxe6 38. Nc5+ Kd5
39. Nxa6 (39. e4+ Kd6 40. Nxa6 Nxd4 41. Kxd4 Ba7+ 42. Kd3 Kc6 $11) 39... Nxd4
40. Nxb8 (40. exd4 Bg3 {[%csl Ra6]}) 40... Ne6 {White can hardly convert his
advantage due to the poor position of his knight.}) 35. f5 $1 Nc6 36. fxe6+
Bxe6 37. Bxe6+ Kxe6 38. Nc5+ Ke7 39. Nxa6 {White has won a pawn in a
comfortable version.} Bd6 40. Bc5 Ne5+ 41. Ke4 Nc4 42. Kd5 Bxc5 43. Kxc5 Nxa3
44. Nc7 Kd7 45. Nxb5 Nc2 46. Nd4 Nxe3 47. Nf5 Nd1 48. Kb6 $2 {A sudden slip.} (
48. Nxg7 Nf2 49. Nh5 $1 Nxh3 50. Nxf6+ Kc7 51. Ng8 $18) 48... g6 $1 49. Nxh6
Ne3 $2 {Amazingly, Black had a marvellous rescue indicated by the Chesspro.ru
website:} (49... Ke6 $1 50. b5 Nc3 51. Kc6 Na4 52. b6 (52. h4 $144 f5 53. g5 f4
54. Ng4 f3 55. Nf2 Ke5 56. b6 Nxb6 57. Kxb6 Kf4) 52... Nxb6 53. Kxb6 f5 $1 54.
g5 (54. Kc5 fxg4 55. Nxg4 Kf5 56. Kd4 Kf4 57. Nf2 Kg3 58. Ke3 g5 $11) 54... f4
55. h4 f3 56. Ng4 Kf5 57. Nf2 Kf4 58. Kc5 Kg3 {(White lacks one tempo to bring
his king back)} 59. h5 $8 Kxf2 60. hxg6 Kg3 61. g7 f2 62. g8=Q f1=Q {- this
queen endgame is drawish.}) 50. b5 f5 (50... Ke6 {is too late due to} 51. Kc5
$1 Nd5 52. h4 $18 {Black can't give up his knight for the b-pawn and obtain
the position from the previous annotation.}) 51. Ka6 fxg4 52. hxg4 Nd5 53. b6
Kc6 (53... Nxb6 54. Kxb6 Ke6 55. g5 $18) 54. b7 Nc7+ 55. Ka7 Nb5+ 56. Ka8 Nc7+
57. Kb8 Nb5 58. Ka8 Nc7+ 59. Kb8 Nb5 60. Nf7 $1 Kb6 61. g5 Ka6 62. Nd8 Kb6 63.
Kc8 Nd6+ 64. Kd7 {Moradiabadi,E: 'Karjakin wins the passed pawn but his pawn
on g6 falls and he loses the game. A great victory for Wesley and a bitter
defeat for Sergey who lost this battle in his own territory: Defending a
slightly uncomfortable situation!'} 1-0

[Event "Norway Masters blitz 5th"]
[Site "Stavanger"]
[Date "2017.06.05"]
[Round "6"]
[White "Giri, Anish"]
[Black "So, Wesley"]
[Result "0-1"]
[WhiteElo "2771"]
[BlackElo "2812"]
[PlyCount "98"]
[EventDate "2017.06.05"]
[EventType "tourn (blitz)"]
[EventRounds "9"]
[EventCountry "NOR"]
[EventCategory "22"]
[SourceTitle "CBM 179"]
[Source "ChessBase"]
[SourceDate "2017.07.12"]
[SourceVersion "1"]
[SourceVersionDate "2017.07.12"]
[SourceQuality "1"]

1. Nf3 d5 2. g3 Nf6 3. Bg2 e6 4. O-O Be7 5. c4 O-O 6. b3 b6 7. Bb2 Bb7 8. e3 c5
9. Nc3 dxc4 10. bxc4 Nc6 11. Qe2 Rc8 12. Ne1 Qd7 13. f4 Rfd8 14. Rd1 Na5 15.
Bxb7 Qxb7 16. d3 a6 17. a4 Ne8 18. f5 Bf6 19. fxe6 fxe6 20. Ng2 Qd7 21. Nf4 Nc6
22. Nh5 Be5 23. Ne4 Qe7 24. Ba3 Nd6 25. Qg4 Nf5 26. Rf3 Kh8 27. Ng5 Rf8 28.
Rdf1 Nxe3 29. Rxe3 Bd4 30. Bc1 Ne5 31. Qh4 Ng6 32. Qg4 Ne5 33. Qh4 h6 34. Ne4
Qxh4 35. gxh4 Ng4 36. Rfe1 Rf3 37. Kg2 Rxe3 38. Bxe3 Nxe3+ 39. Kf3 Rf8+ 40. Ke2
Nc2 41. Rb1 Nb4 42. Nhg3 Rf4 43. Nd2 Rxh4 44. Nf3 Rf4 45. Ne4 Nxd3 46. Nxd4
Rxe4+ 47. Kxd3 Rxd4+ 48. Kc3 Rd6 49. Re1 Kg8 0-1

[Event "Paris GCT Rapid"]
[Site "Paris"]
[Date "2017.06.21"]
[Round "2"]
[White "So, Wesley"]
[Black "Bacrot, Etienne"]
[Result "1-0"]
[WhiteElo "2812"]
[BlackElo "2708"]
[Annotator "Yermolinsky,A"]
[PlyCount "127"]
[EventDate "2017.06.21"]
[EventType "tourn (rapid)"]
[EventRounds "9"]
[EventCountry "FRA"]
[EventCategory "22"]
[SourceTitle "CBM 179"]
[Source "ChessBase"]
[SourceDate "2017.07.12"]
[SourceVersion "1"]
[SourceVersionDate "2017.07.12"]
[SourceQuality "1"]

1. c4 e5 2. Nc3 Bb4 {This obscure opening line is getting more and more
attention through the efforts of Vishy Anand.} 3. Nd5 Bc5 4. e3 c6 (4... Nf6 5.
b4 $5 {Giri}) 5. d4 cxd5 6. dxc5 Qa5+ 7. Bd2 Qxc5 8. Qg4 g6 9. b4 $5 {Wesley's
innovation.} (9. cxd5 Qxd5 10. Bc4 Nf6 11. Qh4 Qd6 12. Nf3 Nc6 13. e4 $44 {
Psakhis-Sokolov, 1992}) 9... Qd6 10. cxd5 Nf6 (10... Qxd5 11. Rc1 Nc6 12. b5
Nce7 13. Nf3 {is the idea.}) 11. Qc4 Na6 12. Rc1 $1 b6 (12... O-O 13. b5) 13.
Nf3 (13. Qxc8+ Rxc8 14. Rxc8+ Ke7 15. Rxh8 Nxb4 16. Rc8 Ne4 {gives Black a lot
of counterplay. On paper White has more than enough for a queen, but his
forces are poorly developed.}) 13... Bb7 14. e4 O-O 15. a3 Rfc8 16. Qd3 Rxc1+
17. Bxc1 Rc8 18. Bd2 Nc7 19. Qb1 Ncxd5 $1 {The only way to handle this
position. Black must break out before White is fully mobilized.} 20. exd5 Qxd5
21. Be2 (21. Qb2 Qe4+ 22. Be2 d5 23. Qb3 h6 $5 ({White is prepared for} 23...
d4 24. Ng5) 24. Bxh6 d4 25. Ng5 $4 Rc1+) 21... e4 22. Nh4 $5 {This is the
beauty of Rapid chess - people aren't afraid of taking chances.} ({The most
practical choice would be} 22. Be3 {but once he returns his extra piece White
only has enough for equality.} exf3 23. Bxf3 Ne4 24. O-O Qe6) 22... g5 23. Qb2
Ne8 24. Nf3 exf3 25. gxf3 Ng7 ({Also good was} 25... Qe6 $1 26. Rg1 (26. Bxg5
Bxf3 27. Rg1 Bxe2 28. Qxe2 Kf8 $17) 26... f6 27. f4 Bf3 28. Be3 Bxe2 29. Qxe2
Ng7 30. fxg5 f5) 26. Rg1 h6 27. f4 Qe4 28. fxg5 h5 29. Qb3 Ne6 30. Be3 Nd4 31.
Bxd4 Rc1+ {A step in the wrong direction. Objectively, Black is winning, but
in a real game situation he shouldn't have given White even a trace of
counterplay.} ({The powerful centralization of the black pieces would decide
the outcome after} 31... Qxd4 32. Rg3 Rc1+ 33. Bd1 Be4 34. g6 d5 35. gxf7+ Kf8)
32. Kd2 Rxg1 33. Qc3 Rxg5 34. Be3 Rd5+ 35. Kc1 Rd6 (35... Bc6 $17) 36. b5 Rd5
37. Qc7 Re5 $2 $138 38. Bd3 Qxd3 39. Qb8+ Re8 $2 {Incomprehensible. I suspect
Etienne just touched his rook and forgot his king was in check.} (39... Kh7 40.
Qxe5 Be4 41. Qxh5+ Kg8 42. Qg5+ Bg6 43. Qd8+ Kg7 44. Qc7 Qxa3+ {and Black
keeps playing for a win.}) 40. Qxe8+ Kg7 41. Qe5+ Kh7 42. Qxh5+ Kg8 43. Qg5+
Kh7 44. Qh4+ Kg8 45. Qg3+ Kh7 46. Qh4+ Kg8 47. Bd4 Qxa3+ 48. Bb2 Qc5+ 49. Kb1
Qf5+ 50. Ka1 f6 51. Bxf6 Kf7 52. Bb2 Be4 53. Qh8 Bd3 54. Qg7+ Ke6 55. Qg8+ Qf7
56. Qb8 Qxf2 $4 {Oh, no.} 57. Qe5+ Kf7 58. Qd5+ Ke8 59. Qxd3 Qxh2 60. Qe4+ Kd8
61. Bf6+ Kc8 62. Qa8+ Kc7 63. Qxa7+ Kd6 64. Qb8+ 1-0

[Event "Paris GCT Rapid"]
[Site "Paris"]
[Date "2017.06.22"]
[Round "5"]
[White "Vachier Lagrave, Maxime"]
[Black "So, Wesley"]
[Result "1/2-1/2"]
[WhiteElo "2796"]
[BlackElo "2812"]
[PlyCount "117"]
[EventDate "2017.06.21"]
[EventType "tourn (rapid)"]
[EventRounds "9"]
[EventCountry "FRA"]
[EventCategory "22"]
[SourceTitle "CBM 179"]
[Source "ChessBase"]
[SourceDate "2017.07.12"]
[SourceVersion "1"]
[SourceVersionDate "2017.07.12"]
[SourceQuality "1"]
[TimeControl "1500"]

1. e4 {[%emt 0:00:00]} e5 {[%emt 0:00:00]} 2. Nf3 {[%emt 0:00:00]} Nc6 {
[%emt 0:00:00]} 3. Bb5 {[%emt 0:00:00]} Nf6 {[%emt 0:00:00]} 4. O-O {[%emt 0:
00:00]} Nxe4 {[%emt 0:00:00]} 5. d4 {[%emt 0:00:00]} Nd6 {[%emt 0:00:00]} 6.
Bxc6 {[%emt 0:00:00]} dxc6 {[%emt 0:00:00]} 7. dxe5 {[%emt 0:00:00]} Nf5 {
[%emt 0:00:00]} 8. Qxd8+ {[%emt 0:00:00]} Kxd8 {[%emt 0:00:00]} 9. Rd1+ {
[%emt 0:00:00]} Ke8 {[%emt 0:00:00]} 10. Nc3 {[%emt 0:00:00]} Be7 {[%emt 0:00:
00]} 11. Ne2 {[%emt 0:00:24]} Nh4 {[%emt 0:00:09]} 12. Nxh4 {[%emt 0:00:13]}
Bxh4 {[%emt 0:00:00]} 13. Be3 {[%emt 0:00:00]} Be7 {[%emt 0:00:00]} 14. a4 {
[%emt 0:00:07]} h5 {[%emt 0:02:47]} 15. a5 {[%emt 0:00:25]} h4 {[%emt 0:00:00]}
16. Nd4 {[%emt 0:00:42]} Rh5 {[%emt 0:00:50]} 17. a6 {[%emt 0:00:00]} Rxe5 {
[%emt 0:00:01]} 18. Bf4 {[%emt 0:00:03]} Rd5 {[%emt 0:00:42]} 19. c4 {[%emt 0:
00:11]} Rd7 {[%emt 0:02:27]} 20. axb7 {[%emt 0:00:00]} Bxb7 {[%emt 0:00:00]}
21. Nf5 {[%emt 0:00:00]} Bf6 {[%emt 0:00:00]} 22. Re1+ {[%emt 0:01:51]} Kf8 {
[%emt 0:00:00]} 23. Be5 {[%emt 0:00:00]} Bxe5 {[%emt 0:00:39]} 24. Rxe5 {
[%emt 0:00:00]} Rd2 {[%emt 0:00:00]} 25. b3 {[%emt 0:02:20]} Rd3 {[%emt 0:01:
42]} 26. Nxh4 {[%emt 0:01:24]} Rxb3 {[%emt 0:00:19]} 27. h3 {[%emt 0:01:03]}
Rb4 {[%emt 0:00:54]} 28. Rh5 {[%emt 0:00:20]} Kg8 {[%emt 0:00:06]} 29. Rc5 {
[%emt 0:00:30]} a5 {[%emt 0:00:15]} 30. Rcxa5 {[%emt 0:00:00]} Rxa5 {[%emt 0:
00:00]} 31. Rxa5 {[%emt 0:00:00]} Rxc4 {[%emt 0:00:00]} 32. Nf5 {[%emt 0:00:14]
} Rb4 {[%emt 0:03:02]} 33. Ra1 {[%emt 0:00:00]} Rb5 {[%emt 0:01:27]} 34. Nd4 {
[%emt 0:00:33]} Rb4 {[%emt 0:00:30]} 35. Nf5 {[%emt 0:00:07]} g6 {[%emt 0:00:
04]} 36. Ne3 {[%emt 0:00:00]} Kf8 {[%emt 0:00:00]} 37. g4 {[%emt 0:01:40]} Ke7
{[%emt 0:00:12]} 38. Kh2 {[%emt 0:00:00]} c5 {[%emt 0:00:00]} 39. Rc1 {[%emt 0:
00:00]} Kd6 {[%emt 0:00:35]} 40. Kg3 {[%emt 0:00:00]} Bd5 {[%emt 0:00:32]} 41.
h4 {[%emt 0:00:14]} Re4 {[%emt 0:01:42]} 42. h5 {[%emt 0:00:53]} gxh5 {[%emt 0:
00:28]} 43. gxh5 {[%emt 0:00:00]} Re6 {[%emt 0:00:05]} 44. Rd1 {[%emt 0:01:30]}
c6 {[%emt 0:00:00]} 45. h6 {[%emt 0:00:00]} Kc7 {[%emt 0:02:12]} 46. Ng4 {
[%emt 0:02:46]} Be4 {[%emt 0:00:00]} 47. Re1 {[%emt 0:00:00]} c4 {[%emt 0:00:
29]} 48. Kf4 {[%emt 0:00:06]} Bg6 {[%emt 0:00:56]} 49. Rxe6 {[%emt 0:00:17]}
fxe6 {[%emt 0:00:00]} 50. Nf6 {[%emt 0:00:09]} Kd6 {[%emt 0:00:24]} 51. Ke3 {
[%emt 0:00:07]} Ke5 {[%emt 0:00:30]} 52. h7 {[%emt 0:01:01]} Bxh7 {[%emt 0:00:
00]} 53. Nxh7 {[%emt 0:00:00]} Kf5 {[%emt 0:00:00]} 54. Nf8 {[%emt 0:00:20]} c3
{[%emt 0:00:00]} 55. Kd3 {[%emt 0:00:30]} Kf4 {[%emt 0:00:00]} 56. Nxe6+ {
[%emt 0:00:00]} Kf3 {[%emt 0:00:00]} 57. Nd4+ {[%emt 0:00:00]} Kxf2 {[%emt 0:
00:00]} 58. Nxc6 {[%emt 0:00:00]} c2 {[%emt 0:00:00]} 59. Kxc2 1/2-1/2

[Event "Paris GCT Rapid"]
[Site "Paris"]
[Date "2017.06.22"]
[Round "6"]
[White "Mamedyarov, Shakhriyar"]
[Black "So, Wesley"]
[Result "1/2-1/2"]
[WhiteElo "2800"]
[BlackElo "2812"]
[PlyCount "147"]
[EventDate "2017.06.21"]
[EventType "tourn (rapid)"]
[EventRounds "9"]
[EventCountry "FRA"]
[EventCategory "22"]
[SourceTitle "CBM 179"]
[Source "ChessBase"]
[SourceDate "2017.07.12"]
[SourceVersion "1"]
[SourceVersionDate "2017.07.12"]
[SourceQuality "1"]
[TimeControl "1500"]

1. d4 {[%emt 0:00:00]} d5 {[%emt 0:00:00]} 2. c4 {[%emt 0:00:00]} e6 {[%emt 0:
00:00]} 3. Nc3 {[%emt 0:00:00]} Be7 {[%emt 0:00:00]} 4. Nf3 {[%emt 0:00:00]}
Nf6 {[%emt 0:00:00]} 5. Bf4 {[%emt 0:00:00]} O-O {[%emt 0:00:00]} 6. e3 {
[%emt 0:00:00]} Nbd7 {[%emt 0:00:00]} 7. a3 {[%emt 0:00:00]} c5 {[%emt 0:00:00]
} 8. cxd5 {[%emt 0:00:00]} Nxd5 {[%emt 0:00:00]} 9. Nxd5 {[%emt 0:00:00]} exd5
{[%emt 0:00:00]} 10. dxc5 {[%emt 0:00:00]} Nxc5 {[%emt 0:00:00]} 11. Be2 {
[%emt 0:00:05]} Qb6 {[%emt 0:00:00]} 12. Be5 {[%emt 0:00:13]} Nb3 {[%emt 0:00:
09]} 13. Rb1 {[%emt 0:00:03]} Bf5 {[%emt 0:02:06]} 14. Bd3 {[%emt 0:00:00]} Be4
{[%emt 0:00:00]} 15. O-O {[%emt 0:00:08]} Qg6 {[%emt 0:02:37]} 16. Bxe4 {
[%emt 0:04:20]} dxe4 {[%emt 0:00:00]} 17. Qxb3 {[%emt 0:00:00]} exf3 {[%emt 0:
00:00]} 18. Bg3 {[%emt 0:00:00]} fxg2 {[%emt 0:00:15]} 19. Rfd1 {[%emt 0:00:00]
} b6 {[%emt 0:04:23]} 20. Qd3 {[%emt 0:01:35]} Qxd3 {[%emt 0:00:59]} 21. Rxd3 {
[%emt 0:00:00]} Rfd8 {[%emt 0:00:00]} 22. Rbd1 {[%emt 0:00:00]} Rxd3 {[%emt 0:
00:00]} 23. Rxd3 {[%emt 0:00:00]} Rd8 {[%emt 0:00:00]} 24. Rc3 {[%emt 0:01:20]}
Bf6 {[%emt 0:00:07]} 25. Rc7 {[%emt 0:00:00]} a5 {[%emt 0:02:54]} 26. Rb7 {
[%emt 0:01:52]} Bxb2 {[%emt 0:00:58]} 27. Bd6 {[%emt 0:00:01]} h6 {[%emt 0:01:
24]} 28. Rxb6 {[%emt 0:00:00]} Bc3 {[%emt 0:00:49]} 29. Kxg2 {[%emt 0:00:00]}
Rc8 {[%emt 0:00:00]} 30. Kf3 {[%emt 0:00:18]} Rc4 {[%emt 0:00:00]} 31. Rb5 {
[%emt 0:01:16]} Rc6 {[%emt 0:00:17]} 32. Bc5 {[%emt 0:00:33]} Rf6+ {[%emt 0:00:
22]} 33. Ke2 {[%emt 0:00:00]} a4 {[%emt 0:00:56]} 34. Kd3 {[%emt 0:02:23]} Be1
{[%emt 0:00:17]} 35. Ke2 {[%emt 0:00:00]} Bc3 {[%emt 0:00:00]} 36. Kd3 {
[%emt 0:00:40]} Be1 {[%emt 0:00:00]} 37. f4 {[%emt 0:00:00]} Rf5 {[%emt 0:00:
48]} 38. Kc4 {[%emt 0:00:07]} g5 {[%emt 0:00:33]} 39. fxg5 {[%emt 0:05:12]}
Rxg5 {[%emt 0:00:53]} 40. Bd4 {[%emt 0:00:00]} Kh7 {[%emt 0:00:21]} 41. Rb1 {
[%emt 0:01:32]} Ba5 {[%emt 0:00:17]} 42. Rf1 {[%emt 0:00:16]} Kg8 {[%emt 0:00:
00]} 43. Rf6 {[%emt 0:00:29]} Rh5 {[%emt 0:00:00]} 44. Ra6 {[%emt 0:00:00]} Kh7
{[%emt 0:00:00]} 45. Ra8 {[%emt 0:00:27]} Be1 {[%emt 0:00:25]} 46. Rh8+ {
[%emt 0:00:34]} Kg6 {[%emt 0:00:00]} 47. Rg8+ {[%emt 0:00:00]} Kf5 {[%emt 0:00:
00]} 48. Rg1 {[%emt 0:00:11]} Bh4 {[%emt 0:00:08]} 49. Rf1+ {[%emt 0:00:05]}
Ke6 {[%emt 0:00:00]} 50. Kb4 {[%emt 0:00:40]} Be7+ {[%emt 0:00:08]} 51. Kxa4 {
[%emt 0:00:00]} Rxh2 {[%emt 0:00:00]} 52. Kb3 {[%emt 0:00:00]} h5 {[%emt 0:00:
26]} 53. a4 {[%emt 0:00:00]} Bd8 {[%emt 0:00:00]} 54. Ra1 {[%emt 0:00:02]} Ba5
{[%emt 0:00:18]} 55. Kc4 {[%emt 0:00:00]} Rg2 {[%emt 0:00:00]} 56. Rf1 {
[%emt 0:00:05]} Bd8 {[%emt 0:00:00]} 57. Ra1 {[%emt 0:00:07]} Rg5 {[%emt 0:00:
01]} 58. Bc3 {[%emt 0:00:00]} Bb6 {[%emt 0:00:03]} 59. a5 {[%emt 0:00:00]} Rc5+
{[%emt 0:00:40]} 60. Kd3 {[%emt 0:00:00]} Rd5+ {[%emt 0:00:00]} 61. Kc4 {
[%emt 0:00:00]} Rc5+ {[%emt 0:00:01]} 62. Kd3 {[%emt 0:00:00]} Rd5+ {[%emt 0:
00:00]} 63. Ke2 Ba7 64. a6 {[%emt 0:00:07]} Rd7 {[%emt 0:00:07]} 65. Rh1 {
[%emt 0:00:00]} Rd5 {[%emt 0:00:01]} 66. Rf1 {[%emt 0:00:00]} Rb5 {[%emt 0:00:
15]} 67. Rf6+ {[%emt 0:00:00]} Ke7 {[%emt 0:00:00]} 68. Rc6 {[%emt 0:00:00]}
Kd7 {[%emt 0:00:00]} 69. Rf6 {[%emt 0:00:00]} Ke7 {[%emt 0:00:00]} 70. Rh6 {
[%emt 0:00:00]} Rb3 {[%emt 0:00:00]} 71. Bf6+ {[%emt 0:00:06]} Kd7 {[%emt 0:00:
00]} 72. Bg5 {[%emt 0:00:00]} Rb6 {[%emt 0:00:00]} 73. Rxh5 {[%emt 0:00:01]}
Rxa6 74. Bf4 {[%emt 0:00:00]} 1/2-1/2